000 00272nam a2200097Ia 4500
005 20251222114407.0
008 251222s1900||||xx |||||||||||||| ||spa||
082 _aDVD0092/C83/2008
245 0 _aPablo VI, el Papa de la tempestad:Paolo VI, Il Papa nella tempesta
942 _cDVD
999 _c1895
_d1895